<?xml version="1.0" encoding="utf-8"?>
<?xml-stylesheet type='text/xsl' href='./oai2.xsl'?>
<OAI-PMH xmlns="http://www.openarchives.org/OAI/2.0/" xmlns:xsi="http://www.w3.org/2001/XMLSchema-instance" xsi:schemaLocation="http://www.openarchives.org/OAI/2.0/ http://www.openarchives.org/OAI/2.0/OAI-PMH.xsd">
  <responseDate>2026-06-04T23:29:30Z</responseDate>
  <request verb="GetRecord" metadataPrefix="marcxml" identifier="record_kuniweb_21780">https://kulturerbe.niedersachsen.de/oai</request>
  <GetRecord>
    <record>
      <header>
        <identifier>record_kuniweb_21780</identifier>
        <datestamp>2026-03-31T19:09:18Z</datestamp>
        <setSpec>slg0272</setSpec>
      </header>
      <metadata>
        <marc:record xmlns:marc="http://www.loc.gov/MARC21/slim" xsi:schemaLocation="http://www.loc.gov/MARC21/slim http://www.loc.gov/standards/marcxml/schema/MARC21slim.xsd">
          <marc:leader>12345nrm  22     uu 4500</marc:leader>
          <marc:controlfield tag="001">21780</marc:controlfield>
          <marc:controlfield tag="003">http://kuniweb.gbv.de</marc:controlfield>
          <marc:controlfield tag="005">2024-08-27T21:19:20</marc:controlfield>
          <marc:controlfield tag="008">|           ||||||||||||||||||||||</marc:controlfield>
          <marc:datafield tag="245" ind1="1" ind2="0">
            <marc:subfield code="a">Schützenkette des Junggesellencorps</marc:subfield>
          </marc:datafield>
          <marc:datafield tag="655" ind1=" " ind2="7">
            <marc:subfield code="a">Alltagskultur</marc:subfield>
          </marc:datafield>
          <marc:datafield tag="046" ind1=" " ind2=" ">
            <marc:subfield code="k">1845</marc:subfield>
            <marc:subfield code="k">1845 - 1973</marc:subfield>
            <marc:subfield code="l">1973</marc:subfield>
          </marc:datafield>
          <marc:datafield tag="260" ind1=" " ind2=" ">
            <marc:subfield code="g">1845</marc:subfield>
            <marc:subfield code="g">1973</marc:subfield>
            <marc:subfield code="g">1845 - 1973</marc:subfield>
          </marc:datafield>
          <marc:datafield tag="300" ind1=" " ind2=" ">
            <marc:subfield code="a">Länge: 60 cm (gesamt)
Breite: 30 cm (gesamt)
Höhe: 7,5 cm (Plakette)
Breite: 5,5 cm (Plakette)</marc:subfield>
          </marc:datafield>
          <marc:datafield tag="520" ind1=" " ind2=" ">
            <marc:subfield code="a">Schützenkette des Junggesellencorps Einbeck zum Umhängen. An fünf Ketten hängen insgesamt 30, mit Namen und Jahreszahl gravierte, wappenförmige Plaketten, teilweise aus Silber, teilweise aus Blech (jeweils 15 Stck.)
Die älteste Plakette stammt aus dem Jahr 1845 und ist August Eicke als bester Mann der Junggesellenscheibe zugeschrieben.
Zwei Plaketten sind auf der Rückseite mit der Meistermarke "Engel" und der Zahl 12 gestempelt. Drei Plaketten sind mit Halbmond und Krone für 800 Silber gestempelt. (Stadtmuseum Einbeck)

Stempel:
12 Engel (2x) Halbmond und Krone 800 (3x)

Verwendungszweck:
Repräsentieren bei Nachbarschafts-u.Schützenfesten

Gebrauchsort:
Einbeck (Northeim, Niedersachsen)</marc:subfield>
          </marc:datafield>
          <marc:datafield tag="650" ind1="1" ind2=" ">
            <marc:subfield code="a">Kleidung &gt; Accessoire, Zubehör &gt; Schmuck &gt; Kette, Anhänger</marc:subfield>
          </marc:datafield>
          <marc:datafield tag="650" ind1="1" ind2=" ">
            <marc:subfield code="a">Regionale Bräuche/Feste</marc:subfield>
          </marc:datafield>
          <marc:datafield tag="773" ind1="0" ind2=" ">
            <marc:subfield code="t">Sammlung Vereinswesen</marc:subfield>
          </marc:datafield>
          <marc:datafield tag="852" ind1=" " ind2=" ">
            <marc:subfield code="a">Stadtmuseum Einbeck</marc:subfield>
          </marc:datafield>
          <marc:datafield tag="" ind1=" " ind2=" ">
            <marc:subfield code="a">Namensnennung - Weitergabe unter gleichen Bedingungen 4.0 International (CC BY-SA 4.0)</marc:subfield>
          </marc:datafield>
        </marc:record>
      </metadata>
    </record>
  </GetRecord>
</OAI-PMH>
